00614ntaaa2200205 45000030003000000050017000030080021000200400037000410820017000781000028000952450021001232500043001443000011001875000059001986500011002576500013002689420007002819990017002889520103003050120251027201935.00714s1973 ag 01  aAR-BaBNbspacAR-BaBNeaacrdRIC a245.0000 H14 aHall, Frederick 917983 aKnow your hymns? a1 ed. : bW. A. Wilde Company, cc1944 a140 p. a"A quiz book for individual use and social gatherings" aHimnos aMúsica cBK c14127d14127 00104070aBPbBPd2025-10-27i08128l0o245.0000 H14p08128r2025-10-27 20:19:35w2025-10-27yBK